000 00845cam a2200265 i 4500
001 17652672
005 20171215035548.0
008 130308t20152015maua 001 0 eng
010 _a 2013000873
020 _a9780321922724 (student edition)
020 _a0321922727 (student edition)
020 _a9780321923066 (instructor edition)
020 _a0321923065 (instructor edition)
040 _aDLC
_beng
_cDLC
_erda
_dDLC
041 _aeng
042 _apcc
080 _a512.9 LEH
082 0 0 _a512.9 LEH
_223
100 1 _a36
101 _aMAT
245 1 0 _aElementary and intermediate algebra :
_cJay Lehmann, College of San Mateo.
906 _a7
_bcbc
_corignew
_d1
_eecip
_f20
_gy-gencatlg
942 _2ddc
_cBK
999 _c38961
_d38961